Sports Quiz

Random Sports or Basketball Quiz

Basketball Hall of Fame Quiz Stats

 Plays Quiz Updated Nov 15, 2018

Score 0/203 Timer 14:00
7 Plays Today
Year Player % Correct
2009Michael Jordan
94.9%
2002Earvin 'Magic' Johnson
90.8%
1998Larry Bird
88%
1977William Johnson
87.7%
2016Shaquille O'Neal
82.6%
1979Wilt Chamberlain
80.5%
2001Moses Malone
79.2%
1995Kareem Abdul-Jabbar
78.8%
1975Bill Russell
76.5%
2009John Stockton
75.4%
1964John Russell
74.1%
2016Allen Iverson
73.2%
2019Bobby Jones
71.9%
2009David Robinson
71.6%
1980Jerry West
70.9%
2006Charles Barkley
69.7%
2008Patrick Ewing
69.2%
2000Isiah Thomas
67.7%
1993Julius Erving
67.3%
2008Hakeem Olajuwon
66.8%
2018Steve Nash
64.3%
1971Robert Cousy
63.5%
1999Kevin McHale
62.3%
1980Oscar Robertson
62.1%
2012Reggie Miller
61.4%
2018Jason Kidd
61.2%
2018Katie Smith
60.7%
2016Yao Ming
60.1%
2018Ray Allen
59.6%
2004Clyde Drexler
59%
2003James Worthy
57.8%
2017Tracy McGrady
57.2%
2003Robert Parish
56.6%
1984Samuel Jones
56.2%
1989K. C. Jones
56.2%
1993Bill Walton
55.7%
1987Pete Maravich
54.9%
2006Dominique Wilkins
54.5%
2018Tina Thompson
54.5%
1959George Mikan, Jr.
54.1%
1984John Havlicek
53.8%
2013Gary Payton
53.6%
1995Cheryl Miller
52.2%
1977Elgin Baylor
51.1%
2017Mannie Jackson
50.1%
1996George Gervin
49.6%
2010Dennis Johnson
48.7%
2018Grant Hill
48.6%
2010Gus Johnson
48.6%
1982Willis Reed, Jr.
46.8%
2006Joe Dumars
45.9%
2010Scottie Pippen
45%
1987Walt Frazier
45%
2010Karl Malone
44.4%
2013Bernard King
43.6%
2014Alonzo Mourning
43%
1971Robert Pettit
42.6%
2015Dikembe Mutombo
42.5%
2018Maurice Cheeks
40.9%
1987Rick Barry
40.4%
1988Wes Unseld
40%
1990Elvin Hayes
39.3%
2019Chuck Cooper
38.5%
1996David Thompson
38.4%
2015Jo Jo White
38.1%
1962John Thompson
38.1%
1991Nate Archibald
37.5%
1990Earl Monroe
35.8%
Year Player % Correct
1997Alex English
35.2%
2013Roger Brown
34.9%
1989Lenny Wilkens
34.8%
2019Vlade Divac
33.9%
2018Charlie Scott
33.6%
2019Sidney Moncrief
33.6%
2019Jack Sikma
33.6%
2014Mitch Richmond
33.4%
2011Dennis Rodman
33.3%
2012Ralph Sampson
33.3%
1991Dave Cowens
32.8%
1983Bill Bradley
32.1%
2000Bob McAdoo
31.9%
1992Nera White
30.3%
2008Adrian Dantley
29.5%
1980Jerry Lucas
29.5%
1973Adolph Schayes
28.9%
1990David Bing
28.3%
2012Chet Walker
27.7%
2012Jamaal Wilkes
26.9%
1996Gail Goodrich
26.2%
1986Tom Heinsohn
26%
1992Bob Lanier
25.9%
1983Dave DeBusschere
25.4%
2011Chris Mullin
24.8%
2017George McGinnis
24.3%
2019Paul Westphal
24.3%
2017Rebecca Lobo
24.2%
1982Harold Greer
23.8%
1985Nate Thurmond
23.7%
1986William Cunningham
23.7%
2018Ora Mae Washington
23.1%
2015Lisa Leslie
23%
1978Paul Arizin
22.1%
1977Charles Cooper
22%
2015Spencer Haywood
21.4%
1976Bill Sharman
21%
1993Calvin Murphy
20.6%
1960Charles Murphy
20.6%
1993Dan Issel
20.3%
1992Connie Hawkins
19.2%
2016Sheryl Swoopes
19.1%
2002Drazen Petrovic
19.1%
1993Walt Bellamy
18.8%
1960John Wooden
18.2%
2013Oscar Schmidt
18.2%
2012Mel Daniels
16.5%
2011Artis Gilmore
16.1%
2013Richard Guerin
16%
1982Slater Martin
14.6%
2014Guy Rodgers
13.7%
2018Dino Rađа
13.7%
2015Louie Dampier
13.6%
2011Arvydas Sabonis
13.5%
2010Cynthia Cooper-Dyke
13.2%
1997Denise Curry
13.1%
1996Nancy Lieberman
13%
2013Dawn Staley
12.8%
2019Teresa Weatherspoon
12.6%
1983Jack Twyman
12.1%
2017Nikos Galis
11.9%
1982Frank Ramsey
11.6%
1990Neil Johnston
11.6%
2016Zelmo Beaty
11.5%
1992Lusia Harris-Stewart
11.2%
1976Thomas Gola
11.1%
1960Edward Macauley
10.7%
1997Bailey Howell
10.3%
Year Player % Correct
1988Clyde Lovellette
9.9%
1993Ann Meyers
9.9%
1978Clifford Hagan
9.8%
1996George Yardley
9.8%
1978Joseph Fulks
9.7%
2004Maurice Stokes
9.6%
2019Carl Braun
9.6%
1974Ernest Schmidt
9.6%
1995Vern Mikkelsen
9.3%
2017Zack Clayton
9.3%
1998Marques Haynes
9%
2014Sarunas Marciulionis
9%
1993Dick McGuire
9%
2015John Isaacs
8.5%
2012Katrina McClain
8.5%
1995Anne Donovan
8.3%
1978Jim Pollard
8.2%
1970Robert Davies
7.7%
2016Cumberland Posey
7.6%
1959Angelo Luisetti
7.6%
1961Andrew Phillip
7.4%
2011Teresa Edwards
7.3%
1959Charles Hyatt
7.3%
1960Emmett McCracken
7.3%
1962Jack McCracken
7.2%
1997Joan Crawford
7.2%
1991Harry Gallatin
7.2%
1961Robert Kurland
7%
1964Harold Foster
6.9%
2004Lynette Woodard
6.9%
1966Joseph Lapchick
6.5%
1985Al Cervi
6.5%
1992Sergei Belov
6.5%
1994Carol Blazejowski
6.5%
1998Arnie Risen
6.4%
1960Victor Hanson
6.3%
1964Nat Holman
6.3%
2011Goose Tatum
6.2%
1989Pop Gates
6.2%
1987Bobby Wanzer
5.9%
1962Harlan Page
5.8%
1972Max Friedman
5.7%
1977Lauren Gale
5.7%
1994Buddy Jeannette
5.5%
1996Kresimir Cosic
5.5%
1976Edward Krause
5.4%
1988Bobby McDermott
5.4%
1973John Beckman
5.3%
1975Joe Brennan
5.3%
1959John Schommer
5.2%
1972Paul Endacott
5.2%
1961Bernhard Borgmann
5%
1961John Roosma
5%
1987Bob Houbregs
5%
1981Thomas Barlow
4.9%
1975Robert Vandivier
4.9%
1961Forrest DeBernardi
4.7%
1961Edward Wachter
4.7%
2005Hortencia Marcari
4.6%
1963Robert Gruenig
4.5%
2004Drazen Dalipagic
4.5%
1961Christian Steinmetz
4.4%
1962Barney Sedran
4.3%
1969Henry Dehnert
4.3%
2003Dino Meneghin
4.1%
1993Uljana Semjonova
3.7%
2010Maciel 'Ubiratan' Pereira
3.7%

You're not logged in!

Compare scores with friends on all Sporcle quizzes.
OR
Log In

Sporcle TV

Today on Sporcle TV


Watch our educational content, quiz creation guides, and fun videos on Sporcle TV.

Show Comments

Extras

Top Quizzes Today


Score Distribution

Your Account Isn't Verified!

In order to create a playlist on Sporcle, you need to verify the email address you used during registration. Go to your Sporcle Settings to finish the process.

Report this User

Report this user for behavior that violates our Community Guidelines.

Details: